000 00543nam a2200217Ia 4500
003 OSt
005 20220918225025.0
006 a|||||r|||| 00| 0
007 ta
008 220917b |||||||| |||| 00| 0 eng d
024 _a236,202
037 _cTextual
040 _aARTS
_cARTS
_beng
041 _2eng
_aeng
082 _aX75t654, K5(906)
245 0 _aMid - Western Nigeria development plan 1964 - 68
260 _c1965
300 _a78p.
_ccm.
942 _hX75t654, K5(906)
_cTEXL
_2CC
999 _c283147
_d283147